| 000 | 00487nam a2200181Ia 4500 | ||
|---|---|---|---|
| 005 | 20230414152116.0 | ||
| 008 | 230125s9999 xx 000 0 und d | ||
| 041 | _aeng | ||
| 082 |
_a659.1 _bLAH |
||
| 100 |
_aLahiri S _9115802 |
||
| 245 | _aAdvertising and Public Relations | ||
| 260 |
_c2010 _bSymbiosis centre for distance learning _aPune |
||
| 300 | _a530p | ||
| 500 | _aadvertising | ||
| 650 | _aadvertising | ||
| 700 |
_aLahiri S & Nandini Madan, Donor _9115803 |
||
| 942 | _cDB | ||
| 999 |
_c93601 _d93601 |
||